00778 a2200193 45000010006000000050017000060080041000230030015000640400040000790800073001192450120001920200022003122640041003343000019003755050053003940410008004471000031004558560098004866278220260407155921.0260407a2011 arg spa dAR-UNSa-BCEJYS aAR-UNSa-BCEJYSbspacAR-UNSa-BCEJYS a657:006.3xNormas Internacionales de Información Financiera (NIIF)10aIntroducción a las normas internacionales de información financierapIncluye ejercicios y casos reales en el CD a978-987-1806-00-3 1aBuenos Aires :bOmicron Systemc2011 a190 p.c23 cm. a1. Diez preguntas frecuentes sobre el IASB - 2.  aspa1 aGarcía Fronti, Inés M.41uhttp://www.biblioeco.unsa.edu.ar/pmb/images/libros/L129372.jpgyImagen de portadaqimage/jpeg